Normal view
MARC view
- Aerofoils
Entry Topical Term
001 - CONTROL NUMBER
- control field: 111209
003 - CONTROL NUMBER IDENTIFIER
- control field: NUST
005 - DATE AND TIME OF LATEST TRANSACTION
- control field: 20230322174636.0
008 - FIXED-LENGTH DATA ELEMENTS
- fixed length control field: 230322|| aca||aabn | a|a d
040 ## - CATALOGING SOURCE
- Original cataloging agency: NUST
- Transcribing agency: NUST
150 ## - HEADING--TOPICAL TERM
- Topical term or geographic name entry element: Aerofoils
670 ## - SOURCE DATA FOUND
- Source citation: Work cat.: (NUST)0: Lan, C. Edward (Chuan-Tau Edward), 1935- 110621, Applied airfoil and wing theory /, c1988.
